000 00527nam a2200157 i 4500
001 71280
003 ES-MaACL
005 20230906171102.0
007 t|
008 040809s1930 sp ||||1| spa d
100 1 _aGay de Montellá, Rafael.
_956117
245 1 0 _aTratado de legislación comercial española a base del Código de Comercio
_b: legislación y jurisprudencia mercantil /
_cpor R. Gay de Montellá.
260 _aBarcelona :
_bBosch,
_c1930 (
_fNúñez)
300 _a6 v. ;
_c22 cm.
852 _aES-MaACL
_jD-5829-34
999 _c71280
_d71280